000 00336nam a2200133 i 4500
001 bg
100 1 _aHauser, Jacek.
245 0 _aPraca oporowych przewodów grzejnych w układach odniesienia /
_cJ. Hauser.
260 _aPoznań,
_c1984.
040 _cBPK
041 _apol
942 _cKS
008 s pl f |000 0 pol
999 _c28002
_d28002
856 _uhttp://koha.tu.koszalin.pl/cgi-bin/koha/opac-detail.pl?biblionumber=28002
_yKatalog online BPK